[Event "BL2 Gr1 0304 (Women)"]
[Site "Germany"]
[Date "2003.11.29"]
[Round "3.4"]
[White "Schmidt, Andrea"]
[Black "Smits, Christina"]
[Result "1-0"]
[WhiteElo "2081"]
[BlackElo "1752"]
[PlyCount "79"]
[EventDate "2003.10.25"]
[EventType "team-tourn"]
[EventRounds "7"]
[EventCountry "GER"]
[SourceTitle "EXT 2006"]
[Source "ChessBase"]
[SourceDate "2005.11.24"]
[SourceVersion "1"]
[SourceVersionDate "2005.11.24"]
[SourceQuality "1"]
[WhiteTeam "Krefeld (W)"]
[BlackTeam "Eikamp (W)"]
[WhiteTeamCountry "GER"]
[BlackTeamCountry "GER"]

1. e4 b6 2. d4 Bb7 3. Nc3 Nf6 4. e5 Nd5 5. Nf3 e6 6. Nxd5 Bxd5 7. Be2 Be7 8. 0-0 0-0 9. Be3 Bb7 10. Qd2 d5 11. Bd3 c5 12. c3 Nc6 13. Rac1 cxd4 14. cxd4 Rc8 15. Rfd1 Re8 16. h3 Bb4 17. Qe2 Qd7 18. Ng5 g6 19. Qg4 Be7 20. Qh4 h5 21. Qg3 Bxg5 22. Qxg5 Qe7 23. Qg3 Qf8 24. Bb1 Ne7 25. Bg5 Rc4 26. Qf4 Nf5 27. g4 Ng7 28. b3 Rxc1 29. Rxc1 Rc8 30. Bd3 Rxc1+ 31. Qxc1 Qc8 32. Qd2 hxg4 33. hxg4 Kh7 34. Qe3 Kg8 35. Bf6 a5 36. Qh6 Qf8 37. Kg2 Bc6 38. f4 Bd7 39. a4 Be8 40. Bb5 1-0

[Event "BL2 Gr1 0304 (Women)"]
[Site "Germany"]
[Date "2003.10.25"]
[Round "1.3"]
[White "Krasnopeyeva, Julia"]
[Black "Smits, Christina"]
[Result "1-0"]
[WhiteElo "1900"]
[BlackElo "1752"]
[PlyCount "119"]
[EventDate "2003.10.25"]
[EventType "team-tourn"]
[EventRounds "7"]
[EventCountry "GER"]
[SourceTitle "EXT 2006"]
[Source "ChessBase"]
[SourceDate "2005.11.24"]
[SourceVersion "1"]
[SourceVersionDate "2005.11.24"]
[SourceQuality "1"]
[WhiteTeam "Mainz (W)"]
[BlackTeam "Eikamp (W)"]
[WhiteTeamCountry "GER"]
[BlackTeamCountry "GER"]

1. e4 b6 2. d4 Bb7 3. Nc3 Nf6 4. f3 e6 5. Be3 d5 6. e5 Nfd7 7. Nce2 c5 8. c3 Nc6 9. a3 Rc8 10. b4 c4 11. f4 Be7 12. Nf3 0-0 13. g3 Re8 14. h4 h5 15. Ng5 Bxg5 16. hxg5 g6 17. g4 hxg4 18. Ng3 Kg7 19. Qxg4 Rh8 20. Bh3 Ne7 21. Ra2 Nf5 22. Nxf5+ exf5 23. Qg3 Qe7 24. Rah2 a5 25. Bg2 Rcg8 26. Bf3 Qe8 27. Qg2 Rxh2 28. Rxh2 Qa8 29. b5 Rh8 30. Rxh8 Kxh8 31. a4 Nf8 32. Bc1 Ne6 33. Ba3 Qd8 34. Bd6 Kg7 35. Qg3 Qh8 36. Be7 Kg8 37. Kf2 Qh7 38. Ke3 Qh8 39. Qf2 Qh7 40. Bd6 Kg7 41. Qg3 Qh8 42. Bg2 Qh5 43. Bf3 Qh8 44. Kf2 Qh7 45. Kg2 Qh8 46. Be2 Ba8 47. Qf2 Bb7 48. Ba3 Qg8 49. Kg3 Qh8 50. Qg2 Ba8 51. Be7 Qe8 52. Bd6 Qc8 53. Be7 Qe8 54. Bf6+ Kg8 55. Qh1 Ng7 56. Bf3 Bb7 57. Bxg7 Kxg7 58. Bxd5 Bxd5 59. Qxd5 Qe6 60. Qc6 1-0